Sociología del riesgo /

Bewaard in:
Bibliografische gegevens
Hoofdauteur: Luhmann, Niklas (autor)
Andere auteurs: Torres Nafarrate, Javier (preliminares) (preliminares), Pappe, Silvia (traducción) (traducción), Erker, Brunhilde (traducción) (traducción), Segura, Luis Felipe (traducción) (traducción)
Formaat: Boek
Taal:Spaans
Gepubliceerd in: México : Guadalajara, México : Universidad Iberoamericana, Plantel Santa Fe : ITESO, 2006, c2006
Editie:3a edición
Reeks:(Teoría Social)
Onderwerpen:
Tags: Voeg label toe
Geen labels, Wees de eerste die dit record labelt!

MARC

LEADER 00000nam^a2200000^a^4500
001 000316046
005 20250521000000.0
009 20260310113303.172
020 |a 968-859-628-0 
037 |a Acervo ITESO - Biblioteca 
041 |a ESP 
082 |a 302. 12  |b LUH 
100 |a Luhmann, Niklas  |e (autor) 
245 1 0 |a Sociología del riesgo /  |c N. Luhmann ; prelim. de G. Torres Nafarrate ; tr. por S. Pappe, B. Erker, L.F. Segura. 
250 |a 3a edición 
264 4 |a México :  |b Universidad Iberoamericana, Plantel Santa Fe :  |a Guadalajara, México :  |b ITESO,  |c 2006, c2006 
300 |a 294 p. 
336 |a texto  |b txt  |2 rdacontenido 
337 |a sin mediación  |b n  |2 rdamedio 
338 |a volumen  |b nc  |2 rdasoporte 
440 1 |a (Teoría Social) 
500 |a Traducción de: Soziologie des Risikos 
649 |a XX 
650 |a Riesgo (Ciencias Sociales) -  |x Tema Principal 
650 |a Problemas Sociales 
650 |a Predicción Social 
650 |a Comportamiento Organizacional 
650 |a Cambios Sociales y Culturales 
650 |a Sociología de la Economía 
650 |a Sociología Política 
650 |a Sociología -  |x Teoría 
700 |a Torres Nafarrate, Javier  |e (preliminares) 
700 |a Pappe, Silvia  |e (traducción) 
700 |a Erker, Brunhilde  |e (traducción) 
700 |a Segura, Luis Felipe  |e (traducción) 
910 |a Fondo General 
920 |a Impresos - Libros 
930 |a Colección General 
905 |a 101 
901 |a 0500202896  |b IT1  |c ACC  |i D48087  |u 20250521 
901 |a 0500202894  |b IT1  |c ACC  |i D48088  |u 20250521 
902 |a https://opac.biblio.iteso.mx/vufind/Record/000316046